header

Medicine across cultures (Record no. 154355)

MARC details
000 -LEADER
fixed length control field 01346nam a22003254a 4500
082 04 - DEWEY DECIMAL CLASSIFICATION NUMBER
Classification number 610/.9
245 00 - TITLE STATEMENT
Title Medicine across cultures
260 ## - PUBLICATION, DISTRIBUTION, ETC. (IMPRINT)
Place of publication Dordrecht ;
-- Boston :
Name of publisher Kluwer Academic Publishers,
Year of publication c2003.
300 ## - PHYSICAL DESCRIPTION
Number of Pages xxiv, 416 p. :
Other physical details ill.
490 1# - SERIES STATEMENT
Series statement Science across cultures
650 #0 - SUBJECT ADDED ENTRY--TOPICAL TERM
Topical Term Medicine
700 1# - ADDED ENTRY--PERSONAL NAME
Personal name Selin, Helaine,
Personal name Shapiro, Hugh.
856 40 - ELECTRONIC LOCATION AND ACCESS
Uniform Resource Identifier http://site.ebrary.com/lib/rucke/Doc?id=10074963

No items available.

© 2026 Rongo University
Contact us: librarian | system librarian | Rongo university